| 000 | 00680nam a22001577a 4500 | ||
|---|---|---|---|
| 008 | 161010b xxu||||| |||| 00| 0 eng d | ||
| 020 | _a155835056 | ||
| 020 | _a1558350640 | ||
| 050 | _aNA 712 .A64 1990 | ||
| 100 | _aAmerican architecture of the 1980s | ||
| 245 |
_aSelection of articles from Architecture,the monthly Mmagazine of the American Institute of Architecture/ _cAmerican Architecture of the 1980s |
||
| 260 |
_aWashington ,DC. : _bThe American Institute of Architects press , _cc1990 |
||
| 300 |
_axiv, 342p. : _bill. ; _c24cm. |
||
| 650 |
_aArchitecture,Modern _x20th century _yThemes,Motives _zUnited States |
||
| 942 |
_2lcc _cBOOKS _hNA 712 .A64 1990 |
||
| 999 |
_c14854 _d14854 |
||